Fisheries co-management in Viet Nam
Content: Overview of Vietnam fisheries; status of fisheries co-management in Vietnam...
Đã lưu trong:
| 格式: | 圖書 |
|---|---|
| 語言: | Undetermined |
| 出版: |
Ha Noi
Nxb. Ha Noi
2015
|
| 主題: | |
| 標簽: |
添加標簽
沒有標簽, 成為第一個標記此記錄!
|
| Thư viện lưu trữ: | Trung tâm Học liệu Trường Đại học Cần Thơ |
|---|
| LEADER | 00548nam a2200169Ia 4500 | ||
|---|---|---|---|
| 001 | CTU_230207 | ||
| 008 | 210402s9999 xx 000 0 und d | ||
| 082 | |a 333.956 | ||
| 082 | |b F537 | ||
| 245 | 0 | |a Fisheries co-management in Viet Nam | |
| 260 | |a Ha Noi | ||
| 260 | |b Nxb. Ha Noi | ||
| 260 | |c 2015 | ||
| 520 | |a Content: Overview of Vietnam fisheries; status of fisheries co-management in Vietnam... | ||
| 650 | |a Fishery co-management,Quản lý thủy sản | ||
| 910 | |a Tuyến | ||
| 980 | |a Trung tâm Học liệu Trường Đại học Cần Thơ | ||